000 01030cad a22002295a 4500
001 E148366
008 090909s2009 fr d f s 000 0 eng d
035 _a(Sirsi) u148366
041 0 _aeng
050 0 4 _a333.33 $2 18
110 2 _aBNP Paribas Real Estate
_95715
245 0 0 _aInvestment in Europe
_bQ2 2009
_h[electronic resource]
260 _a[S.l]
_bBNP Paribas Real Estate
_c2009
490 0 _aBNP Paribas Real Estate Investment in Europe
520 _aReports that the European economy will probably under perform for several quarters to come, and we will have to wait until the second half of 2010 to see sustained growth. Suggests that the UK may rebound earlier than this, although the economy is still contracting.
521 _aAdvanced
590 _aKA
651 4 _aEurope
690 _aPROPERTY-COMMERCIAL PROPERTY-COMMERCIAL PROPERTY MARKET
856 4 0 _uhttps://www.realestate.bnpparibas.co.uk
_zView this report free of charge at www.realestate.bnpparibas.co.uk (see research section)...
942 _n0
999 _c110022
_d110022